Fifty years of Vietnamese diplomacy 1945-1995. V.2, 1975-1995 /
Post-Vietnam period; North-South unification; National reconstruction; Indochina under French domination; From the War in Southwest Vietnam...; ...to the War in North Vietnam; From democratic Cambodia to People's Cambodia; The Cambodian problem; Paris agreement on Cambodia; The Normalization of...
שמור ב:
| מחבר ראשי: | |
|---|---|
| פורמט: | ספר |
| שפה: | English |
| יצא לאור: |
Hà Nội :
Thế giới,
2002.
|
| נושאים: | |
| תגים: |
הוספת תג
אין תגיות, היה/י הראשונ/ה לתייג את הרשומה!
|
| Thư viện lưu trữ: | Mạng thư viện Đại học Đà Nẵng |
|---|
| LEADER | 01696cam a2200397 a 4500 | ||
|---|---|---|---|
| 001 | 000043966 | ||
| 003 | 2112 | ||
| 005 | 20060424091000.0 | ||
| 008 | 010217b2002 vm 000 eng | ||
| 020 | |c 120000 | ||
| 040 | |a LRC |c LRC |d LRC | ||
| 041 | 1 | |a eng | |
| 082 | 1 | 4 | |a 327.2 |b LƯ-L |
| 100 | 1 | |a Lưu Văn Lợi. | |
| 245 | 1 | 0 | |a Fifty years of Vietnamese diplomacy 1945-1995. |n V.2, |p 1975-1995 / |c Lưu Văn Lợi. |
| 260 | |a Hà Nội : |b Thế giới, |c 2002. | ||
| 300 | |a 335 tr. ; |c 21 cm. | ||
| 520 | 3 | |a Post-Vietnam period; North-South unification; National reconstruction; Indochina under French domination; From the War in Southwest Vietnam...; ...to the War in North Vietnam; From democratic Cambodia to People's Cambodia; The Cambodian problem; Paris agreement on Cambodia; The Normalization of China-Vietnam relations; The renovation policy; Regional integration; Normalization of relations with the USA; Establishment of relations with the EU.. | |
| 630 | 0 | 4 | |a Ngoại giao. |
| 630 | 0 | 4 | |a Quan hệ quốc tế. |
| 630 | 0 | 4 | |a Ngoại giao Việt Nam. |
| 650 | 0 | 4 | |a Ngoại giao |z Việt Nam. |
| 650 | 0 | 4 | |a Quan hệ quốc tế |z Việt Nam. |
| 650 | 0 | 4 | |a Diplomacy |z Vietnam. |
| OWN | |a DUT | ||
| AVA | |a UDN50 |b DUT |c Book |d 327.2 LƯ-L |e available |t Error 5001 Not defined in file expand_doc_bib_avail. |f 3 |g 0 |h N |i 0 |j SH |k 1 | ||
| 999 | |a From the UDN01 | ||
| AVA | |a UDN50 |b DUT |c Book |d 327.2 LƯ-L |e available |t Error 5001 Not defined in file expand_doc_bib_avail. |f 3 |g 0 |h N |i 0 |j SH |k 1 | ||
| TYP | |a Monograph | ||
| TYP | |a Printed language | ||
| 980 | |a Mạng thư viện Đại học Đà Nẵng | ||